000 00293nam a2200133Ia 4500
100 _aHitachi
650 _aElectrical Engineering
942 _cBK
654 _aService Manul
245 _aService Manul VT- IIE
260 _bTokai Works
_aJapan
_c1982
082 _a621.3
546 _aENGLISH
999 _c23110
_d23110